000
00348nam a2200145Ia 4500
008
230605s1987 xx 000 0 und d
041
_a
eng
100
_a
Norman W. Desrosier
245
_a
Technology of food preservation
260
_b
C.B.S.Publication
_c
1987
300
_a
558p
520
_a
General
520
_a
Hard Board
650
_a
F.Pro
999
_c
419957
_d
419957